000 00550nam a22001097a 4500
082 _a294
100 _aहनुमान प्रसाद पोद्दार
_983337
245 _a श्रीरामचरित मानस श्री गोस्वामी तुलसीदास जी विरचित (सचित्र ,सटीक )
260 _aगोरखपुर उत्तरप्रदेश
_bगीताप्रेस गोरखपुर
_c२०२५
650 _aरामायण
_983336
942 _cBK
999 _c68208
_d68208